000 00861nam a2200217Ia 4500
999 _c39908
_d39908
001 6513
003 GE_BSU
005 20191119151321.0
008 181216s1973||||g |||||||||||||| ||geo||
040 _cGE_BSU
041 _ageo
080 _a821.353.1-1 გ-12
100 _aგაბესკირია, ვიქტორ
_95430
245 _aთხზულებანი სამ ტომად :
_bტომი 2, პიესები /
_cვიქტორ გაბესკირია ; რედ. ლ. თურმანიძე.
264 _aთბილისი :
_bმერანი,
_c1973.
300 _a434 გვ.;
_c22 სმ.
653 _aთხზულებანი
653 _aპიესები
700 _aთურმანიძე, ლ.
_eრედაქტორი
_91756
942 _cBK
_2udc